Music Quiz

Random Music or Clickable Quiz
Score 0/10 Timer 05:00
0 Plays Today
% Correct
Min Yoongi
97.4%
Big hit Enternaiment
97.1%
Dark and Wild
96.1%
Taetae
96%
Golden maknae
95.2%
American Hutsle Life
95.2%
Jin
95%
Cilsun
94.8%
4
88%
3
79.2%
Remove Ads.
Support Sporcle.
Get the best of Sporcle when you Go Orange. This ad-free experience offers more features, more stats, and more fun while also helping to support Sporcle. Thank you for becoming a member.

You're not logged in!

Compare scores with friends on all Sporcle quizzes.
OR
Log In

Show Comments

Extras

Created Jan 17, 2015ReportNominate
Tags:Clickable Quiz, Army, check, fan, let

Top Quizzes Today


Score Distribution

Your Account Isn't Verified!

In order to create a playlist on Sporcle, you need to verify the email address you used during registration. Go to your Sporcle Settings to finish the process.

Report this User

Report this user for behavior that violates our Community Guidelines.

Details: